Szkice alpejskie Kazimierza Chłędowskiego

Titel: Szkice alpejskie Kazimierza Chłędowskiego
Verfasser:
In: Litteraria, Band 35 (2006), Seite 113-123
alle Artikel anzeigen
Veröffentlicht: 2006
Format: Aufsatz
Sprache: Polnisch
Kein Bild verfügbar
X
alg: 39417091
001A    $01999:12-11-16 
001B    $01999:12-07-19 $t16:37:07.000 
001C    $06050:19-11-16 $t08:56:44.000 
001D    $01999:12-11-16 
001U    $0utf8 
001X    $00 
002@    $0Aox 
003@    $0394170911 
007A    $0394170911 $aHEB 
007T    $0Herdkk00005488 
010@    $apol 
011@    $a2006 
021A    $aSzkice alpejskie Kazimierza Chłędowskiego 
028A    $7124891446 $8Kolbuszewski, Jacek$Z1938- [Tp1] $9155488384 
031A    $d35 $h113-123 $j2006 
037A    $aZ 1875 r.  
039B    $aIn $8--Abvc--. Litteraria. - Wrocław : Wydawn. WTN, 1969-. - ISSN 0084-3008 $x200600000350000887 $9047344253 
045T    $aAVL $qDE-30 $2FID 
045T    $a7,39 $a7,12 

lok: 39417091 78

exp: 39417091 78 1 #EPN
201B/01 $018-11-16 $t10:49:23.000 
201U/01 $0utf8 
203@/01 $0790281422 
208@/01 $a12-11-16 $be 
209A/01 $a/ $f000 $x00 
220C/01 $aTitelaufnehmer: pbb 
220C/01 $aHerkunft: PBB/IH PAN 
220C/01 $aAnmerkung: *uA 
244Z/01 $2Trx $#Poola $#Lenkija $#Polija $#Polen Land $#Poland $#Lengyelország $#Poľsko $#Polsko $8--Trx--Polska$gkraj $x01 $9391345966 
244Z/01 $2Trx $#Alpy góry $8--Trx--Alpen$gGebirge $x02 $9391196669 
244Z/01 $2Trx $8--Trx--Chłędowski, Kazimierz$Z1843-1920 $x03 $9391119737 
244Z/01 $2Trx $8--Trx--Zeitschriftenaufsatz $x04 $9391384341 
245Z/01 $a11.03;12.03 $x01 
247C/01 $82080>Marburg/Lahn, Herder-Institut, Forschungsbibliothek, Bibliographieportal $9336309341
LEADER 00000caa a22000002c 4500
001 394170911
003 DE-603
005 20190712163707.0
007 tu
008 161112s2006 xx |||| | u00||u|pol c
035 |a (DE-599)HEB394170911 
040 |a DE-603  |b ger  |c DE-603  |d DE-603 
041 |a pol 
084 |a AVL  |q DE-30  |2 fid 
084 |a 7,39  |a 7,12  |2 ssgn 
100 1 |a Kolbuszewski, Jacek  |d 1938-  |0 (DE-603)155488384  |0 (DE-588)124891446  |2 gnd 
245 0 0 |a Szkice alpejskie Kazimierza Chłędowskiego 
264 0 |c 2006 
500 |a Z 1875 r. <pol> 
773 0 8 |i In  |t Litteraria  |d Wrocław : Wydawn. WTN, 1969-  |x 0084-3008  |g Band 35 (2006), Seite 113-123  |w (DE-603)047344253  |w (DE-600)216021-3 
924 0 |9 2080  |a (DE-603)790281422  |b DE-2080  |c HES  |d d  |g /